| 000 | 00712nam a2200217 i 4500 | ||
|---|---|---|---|
| 001 | bg | ||
| 100 | 1 | _aMASTALERZ, Przemysław | |
| 245 | 1 | 0 |
_aEkologiczne kłamstwa ekowojowników / _cPrzemysław Mastalerz. |
| 250 | _aWyd. 2 zm. | ||
| 260 |
_aWrocław : _bWydawnictwo Chemiczne, _c2005. |
||
| 300 |
_a196 s. ; _c21 cm. |
||
| 650 | 9 |
_aRuchy i organizacje ekologiczne _xkrytyka |
|
| 020 | _a8390577666 | ||
| 040 | _cBPK | ||
| 041 | 0 | _apol | |
| 080 | _a502.1:614.7:304.44 | ||
| 920 | _a83-905776-6-6 | ||
| 942 | _cKS | ||
| 008 | s pl f |000 0 pol | ||
| 999 |
_c53376 _d53376 |
||
| 856 |
_uhttp://koha.tu.koszalin.pl/cgi-bin/koha/opac-detail.pl?biblionumber=53376 _yKatalog online BPK |
||